000 00326nam a22001337a 4500
008 170713b xxu||||| |||| 00| 0 eng d
020 _a067144882-X
041 _aeng
080 _a038
100 _a23
101 _aFJA
245 _aWEBSTER'S NEW WORLD COMPACT SCHOOL AND OFFICE DICTIONARY
_cGURALNIK,D.B
942 _2udc
_cBK
999 _c20441
_d20441